Galgate cricket club v Doyle (VO) (Record no. 66380)

MARC details
000 -LEADER
fixed length control field 01531cam a2200229 4500
001 - CONTROL NUMBER
control field ABS63768
008 - FIXED-LENGTH DATA ELEMENTS--GENERAL INFORMATION
fixed length control field 000000n2001 000 0 eng u
035 ## - SYSTEM CONTROL NUMBER
System control number (Sirsi) u111412
245 ## - TITLE STATEMENT
Title Galgate cricket club v Doyle (VO)
260 ## - PUBLICATION, DISTRIBUTION, ETC.
Date of publication, distribution, etc. 2001
490 ## - SERIES STATEMENT
Series statement Rating Appeals
Volume/sequential designation [2001], RA 21-29(5)
520 ## - SUMMARY, ETC.
Summary, etc. LT 12 December 2000. Concerned a disagreement over the rateable value of a cricket club located, along with other leisure facilities, in a recreational field. The cricket club (A) objected to the rateable value of £4,100 assigned to its 'clubhouse, cricket ground and premises'. Proposed this should be reduced to £1.00, on a number of grounds, including the contention that the valuation was inaccurate. The figure was reduced to £3,200. A appealed. Proposed that the clubhouse should be exempt from such payments under Local Government Act 1988 s5 para 15. This provides for exemption for parks, which are freely available for unrestricted use by the public. Alternatively, based on an analysis of the VO's comparables, A proposed that the assessment be reduced to £2,100. Appeal allowed. The rateable value was reduced to £2,100 and the entry in the rating listing amended to 'clubhouse, Galgate Cricket Club'.
590 ## - LOCAL NOTE (RLIN)
Local note ABS
650 ## - SUBJECT ADDED ENTRY--TOPICAL TERM
Topical term or geographic name entry element GALGATE CRICKET CLUB V DOYLE (VO)
650 ## - SUBJECT ADDED ENTRY--TOPICAL TERM
Topical term or geographic name entry element LOCAL GOVERNMENT ACT 1988 S5 PARA 15
650 ## - SUBJECT ADDED ENTRY--TOPICAL TERM
Topical term or geographic name entry element RATEABLE VALUE
650 ## - SUBJECT ADDED ENTRY--TOPICAL TERM
Topical term or geographic name entry element Valuation
9 (RLIN) 6273
650 ## - SUBJECT ADDED ENTRY--TOPICAL TERM
Topical term or geographic name entry element PARK
650 ## - SUBJECT ADDED ENTRY--TOPICAL TERM
Topical term or geographic name entry element EXEMPTION
690 ## - LOCAL SUBJECT ADDED ENTRY--TOPICAL TERM (OCLC, RLIN)
Topical term or geographic name as entry element RATING AND LOCAL TAXATION-CASE LAW
942 ## - ADDED ENTRY ELEMENTS (KOHA)
Suppress in OPAC 0
Holdings
Withdrawn status Lost status Source of classification or shelving scheme Damaged status Not for loan Home library Current library Shelving location Date acquired Total Checkouts Full call number Barcode Date last seen Copy number Price effective from Koha item type
    Dewey Decimal Classification     London London Journal article 14/03/2001   ABS63768 111412-1001 06/08/2019 1 06/08/2019 Law report